Media management (Record no. 397244)

MARC details
000 -LEADER
fixed length control field 00471 a2200193 4500
005 - DATE & TIME
control field 20260417120016.0
008 - FIXED-LENGTH DATA ELEMENTS--GENERAL INFORMATION
fixed length control field 260416b |||||||| |||| 00| 0 eng d
020 ## - ISBN
International Standard Book Number 9789392003745
Price Rs. 795.00
040 ## - CATALOGING SOURCE
Original cataloging agency VIVEKANANDA LIBRARY
082 ## - DDC NUMBER
Classification number 070.1068
Book Number S23M
100 ## - MAIN ENTRY--PERSONAL NAME
Personal name Sharma, Abhishika
245 ## - TITLE STATEMENT
Title Media management
260 ## - PUBLICATION, DISTRIBUTION, ETC. (IMPRINT)
Name of publisher, distributor, etc K K Publications
Date of publication, distribution, etc 2024
Place of publication, distribution, etc New Delhi
300 ## - PHYSICAL DESCRIPTION
Pages 197
650 ## - Subject
Subject Journalism
650 ## - Subject
Subject Mass Media
700 ## - Added Entry Personal Name
Added Entry Personal Name Verma, Amit
942 ## - ADDED ENTRY ELEMENTS (KOHA)
Koha item type Books
Holdings
Withdrawn status Lost status Source of classification or shelving scheme Damaged status Not for loan Location (home branch) Sublocation or collection (holding branch) Shelving location Date acquired Koha issues (times borrowed) Koha full call number Accession No. Koha date last seen Koha item type
    Dewey Decimal Classification     VIVEKANANDA LIBRARY VIVEKANANDA LIBRARY Vivekananda Library 01/04/2026   070.1068 S23M 450083 01/04/2026 Books
© Designed and Maintained by Vivekananda Library, MDU Rohtak